Quiz NBA – (20 questions niveau avancé) - Statistiques

Statistiques générales
  • Ce quiz a été pris 188 fois
  • Le résultat moyen est 3 sur 8
Answers on the Grid
Answers color-coded by a green-red scale on the quiz's grid according to % correct below.
Wilt Chamberlain a marqué 100 points dans un seul match NBA
Les Toronto Raptors sont la seule équipe NBA basée au Canada
Le trophée du MVP des Finales NBA porte le nom de Michael Jordan
Kevin Durant a été drafté en première position en 2007
Le triple-double correspond à 10 points 10 rebonds et 10 contres
La franchise des Lakers a été créée à Los Angeles
Dirk Nowitzki est le joueur européen avec le plus de points marqués en NBA
La NBA a été fondée en 1946 sous le nom de BAA
Larry Bird et Magic Johnson ont été draftés la même année
Le record du plus grand nombre de tirs à trois points en un match est de 14
Aucune franchise NBA n’a jamais changé de ville
Kobe Bryant a remporté 5 titres NBA
James Harden a déjà été meilleur passeur de la saison NBA
Un joueur exclu pour 6 fautes peut revenir en prolongation
La NBA autorise maintenant les sponsors sur les maillots des joueurs
Le plus jeune joueur à avoir joué un match NBA avait 17 ans
L’équipe avec le meilleur bilan de saison régulière est invaincue en playoffs
Le All-Star Game oppose chaque année les USA au reste du monde
Michael Jordan a gagné un titre NBA chaque saison où il a joué
Nikola Jokić est le premier pivot à avoir été MVP deux saisons de suite depuis Shaquille O’Neal
 
Statistiques - réponses
Réponse % Correct
Wilt Chamberlain a marqué 100 points dans un seul match NBA
95%
Les Toronto Raptors sont la seule équipe NBA basée au Canada
93%
Dirk Nowitzki est le joueur européen avec le plus de points marqués en NBA
34%
Kobe Bryant a remporté 5 titres NBA
23%
James Harden a déjà été meilleur passeur de la saison NBA
17%
Le record du plus grand nombre de tirs à trois points en un match est de 14
16%
La NBA a été fondée en 1946 sous le nom de BAA
9%
La NBA autorise maintenant les sponsors sur les maillots des joueurs
9%
Aucun quiz correspondant
Distribution des résultats
% des personnes avec chaque résultat
Percentile par nombre de réponses
Votre historique - résultats
Vous n’avez pas pris ce quiz